000 00545nam a2200205Ia 4500
001 15010
003 GE_BSU
008 181216s||||||||xx |||||||||||||| ||und||
040 _cGE_BSU
080 _a51(072)
100 _aБорисов,Н.Н.
245 _aКак обучать математике
245 _bПособие для учителей
260 _aМосква
260 _bПросвещение.
260 _c1979
300 _a95стр.21см.
653 _aКак обучать математике
942 _cBK
999 _c48129
_d48129